Score 0/40 Timer 08:00
1 Play Today
% Correct
Squidward Tentacles
94.3%
Jerry Seinfeld
94%
Plankton
93.3%
Mr. Krabs
93.2%
Barney Stinson
92.2%
Daenerys Targaryen
90.4%
Sandy Cheeks
89.9%
George Costanza
89%
Cosmo Kramer
88.7%
Arya Stark
88.6%
Tyrion Lannister
88.3%
Patrick Star
87.7%
Elaine Benes
87.7%
Joffrey Baratheon
85.9%
Ted Mosby
85.6%
Meredith Grey
85.5%
Hawkeye Pierce
84.9%
Robin Scherbatsky
84%
Phil Dunphy
82.3%
Lily Aldrin
82.2%
% Correct
Marshall Eriksen
82.1%
Manny Delgado
79.6%
Newman
79.5%
Jay Pritchett
79%
Jon Snow
78%
B.J. Hunnicutt
77.9%
Cristina Yang
77.3%
Cameron Tucker
76.7%
Charles Emerson Winchester III
75.3%
James 'Sawyer' Ford
74.3%
Jack Shephard
73.3%
Derek Shepherd
72.9%
Hugo 'Hurley' Reyes
72.9%
John Locke
71.2%
Margaret Houlihan
69.1%
Sherman Potter
65.5%
Miranda Bailey
65.2%
Kate Austen
60.7%
Mark Sloan
60.3%
Pepper Saltzman
49.5%
Remove Ads.
Support Sporcle.
Get the best of Sporcle when you Go Orange. This ad-free experience offers more features, more stats, and more fun while also helping to support Sporcle. Thank you for becoming a member.

You're not logged in!

Compare scores with friends on all Sporcle quizzes.
OR
Log In

Show Comments

Extras

Top Quizzes Today


Score Distribution

Your Account Isn't Verified!

In order to create a playlist on Sporcle, you need to verify the email address you used during registration. Go to your Sporcle Settings to finish the process.

Report this User

Report this user for behavior that violates our Community Guidelines.

Details: